000 00333nam a2200145Ia 4500
005 20250406065704.0
008 240331s9999 xx 000 0 und d
082 _bSEL
_a894
100 _aSelvarajah, B.A
245 0 _aKaviri muthal maveli varai
260 _aHatton
_bBai
_c1995
300 _a28 p .,
650 _aPoems
942 _cL
999 _c4207
_d4207